| 000 | 00738nam a2200229 a 4500 | ||
|---|---|---|---|
| 001 | 000023111 | ||
| 005 | 20200930022008.0 | ||
| 008 | 101126s1970 cu r 000 0 spa d | ||
| 040 |
_aDO-SdBNP _bspa _cBNPHU |
||
| 082 |
_a972.91064 _bG939 |
||
| 100 | 1 |
_aGuevara, Ernesto, _d1928-1967. _919253 |
|
| 245 | 1 | 0 |
_aErnesto Che Guevara : _bobras 1957-1967 / _cErnesto Che Guevara. |
| 260 |
_aLa Habana : _bCasa de las Américas, _c1970. |
||
| 300 |
_av. ; _c23 cm. |
||
| 490 | 1 | _aNuestra América | |
| 500 | _aLa biblioteca posee el tomo 1. | ||
| 651 | 4 |
_aCuba _xHistoria _y1959 _916982 |
|
| 651 | 4 |
_aCuba _xHistoria _yREVOLUCION, 1959 _92456 |
|
| 650 | 4 |
_aGuerrillas _xAmérica latina _947581 |
|
| 830 | 0 |
_aNuestra América _94552 |
|
| 049 | _aBNGR | ||
| 999 |
_c22608 _d22608 |
||